Možnosti realizácie firemnej filantropie
Podstata firemnej filantropie. Formy firemnej filantropie. Mapovanie prístupov k jej uplatňovaniu a kľúčové aspekty pri jej implementácii.
Na minha lista:
| Autor principal: | |
|---|---|
| Formato: | Capítulo de Livro |
| Idioma: | eslovaco |
| Assuntos: | |
| Tags: |
Sem tags, seja o primeiro a adicionar uma tag!
|
MARC
| LEADER | 00000nla a2200000 4500 | ||
|---|---|---|---|
| 001 | 0238042 | ||
| 005 | 20240523120403.7 | ||
| 041 | 0 | |a slo | |
| 044 | |a SK | ||
| 245 | 1 | 0 | |a Možnosti realizácie firemnej filantropie |c Jana Kissová |
| 520 | |a Podstata firemnej filantropie. Formy firemnej filantropie. Mapovanie prístupov k jej uplatňovaniu a kľúčové aspekty pri jej implementácii. | ||
| 610 | 2 | 0 | |a filantropia |
| 610 | 2 | 0 | |a formy riadenia |
| 610 | 2 | 0 | |a zamestnanci |
| 610 | 2 | 0 | |a riadenie ľudských zdrojov |
| 610 | 2 | 0 | |a riadenie personálne |
| 610 | 2 | 0 | |a riadenie sociálno-ekonomické |
| 610 | 2 | 0 | |a kultúra podniková |
| 100 | 1 | |a Kissová, Jana, 1979- | |